| 000 | 00613nam a2200193 i 4500 | ||
|---|---|---|---|
| 001 | 37447 | ||
| 003 | ES-MaACL | ||
| 005 | 20260212142030.0 | ||
| 007 | t| | ||
| 008 | 030221s1976 sp af |||| | spa d | ||
| 100 | 1 |
_aCabal, Fermín, _d1923- _933060 |
|
| 245 | 1 | 0 |
_aA.B.C. de la acupuntura _b: agenda-atlas de bolsillo / _cFermín Cabal ; prólogo de Felipe Aguado. |
| 260 |
_aMadrid : _bCabal, _c1976. |
||
| 300 |
_a288 p., 6 lám. : _bil. ; _c20 cm. |
||
| 650 | 4 |
_aAcupuntura. _9158954 |
|
| 700 | 1 |
_aAguado Hernández, Felipe, _d1946- _918621 |
|
| 852 |
_aES-MaACL _jA-6965 |
||
| 999 |
_c37447 _d37447 |
||